| 000 | 00675nam a2200241Ia 4500 | ||
|---|---|---|---|
| 003 | OSt | ||
| 005 | 20220927110333.0 | ||
| 006 | a|||||r|||| 00| 0 | ||
| 007 | ta | ||
| 008 | 220926b |||||||| |||| 00| 0 eng d | ||
| 024 | _a184139 | ||
| 037 | _cReference Collections | ||
| 040 |
_aRTL _cRTL _beng |
||
| 041 |
_2eng _aeng |
||
| 082 | _a"X.2794, P9" | ||
| 110 |
_aMEGHALAYA (Govt of Meghalaya) _9376202 |
||
| 245 | 0 | _a"Meghalaya in figures,2008-09." | |
| 260 |
_aShillong _bGovt of Meghalaya _c2009 |
||
| 300 |
_a39p. _ccm. |
||
| 700 |
_aMEGHALAYA (Govt of Meghalaya) _9376203 |
||
| 942 |
_h"X.2794, P9" _cCC |
||
| 999 |
_c695568 _d695568 |
||